000 00256nam a22001217a 4500
008 180109b xxu||||| |||| 00| 0 eng d
041 _aeng
080 _a004
100 _a32
101 _aSHK
245 _aLECTURE COMPUTER
_cJOSEPH.M.
942 _2udc
_cBK
999 _c39860
_d39860